On the primaeval ocean /

محفوظ في:

المؤلف الرئيسي: Smith, M. 1950- (مؤلف)

التنسيق: كتاب

اللغة: English

منشور في: Copenhagen : Carsten Niebuhr Institute of Near Eastern Studies, University of Copenhagen : Museum Tusculanum Press, 2002.

سلاسل: Carlsberg papyri, 5.
Carsten Niebuhr Institute of Near Eastern Studies , 26.
CNIP ; 26.

الموضوعات:

الوسوم: إضافة وسم

لا توجد وسوم, كن أول من يضع وسما على هذه التسجيلة!

رقم الطلب: DS41 .C62 v.26

LEADER 01316namaa2200325 4500
001 12403
003 OSt
005 20241002130617.0
008 130303s2002 dk af b 001 0 eng d
952 |0 0  |1 0  |2 lcc  |3 V.26  |4 0  |6 DS0041 C62 V.00026  |7 1  |9 11774  |a ARCE  |b ARCE  |d 2021-04-14  |l 0  |o DS41 .C62 v.26  |p 1017668  |r 2021-04-14 00:00:00  |w 2021-04-14  |y BK 
999 |c 10911  |d 10911 
020 |a 8772896469 
040 |c ARCE Library 
050 4 |a DS41 .C62 v.26 
100 1 |a Smith, M.  |q (Mark),  |d 1950-  |e author 
245 1 0 |a On the primaeval ocean /   |c by Mark Smith. 
264 1 |a Copenhagen :  |b Carsten Niebuhr Institute of Near Eastern Studies, University of Copenhagen :  |b Museum Tusculanum Press,  |c 2002. 
300 |a 260 pages, [14] pages of plates :  |b illustrations ;  |c 30 cm. 
490 1 |a Carlsberg papyri,   |x 0907-8118 ;   |v 5. 
490 1 |a Carsten Niebuhr Institute of Near Eastern Studies ,   |x 0902-5499 ;   |v 26. 
490 1 |a CNIP ;   |v 26. 
504 |a Includes bibliographical references (pages 213-232) and index. 
650 0 |a Cosmogony, Egyptian. 
650 0 |a Cosmology, Egyptian. 
650 0 |a Mythology, Egyptian. 
830 0 |a Carlsberg papyri,   |x 0907-8118 ;   |v 5. 
830 0 |a Carsten Niebuhr Institute of Near Eastern Studies ,   |x 0902-5499 ;   |v 26. 
830 0 |a CNIP ;   |v 26. 
901 |a reviewed 
942 |c BK  |2 lcc